[Event "NOR-chT Elite 2223"]
[Site "Norway"]
[Date "2023.03.05"]
[Round "9.55"]
[White "Mork, Kjell Arne"]
[Black "Torngren, Gustav"]
[Result "1-0"]
[WhiteElo "2257"]
[BlackElo "2257"]
[PlyCount "115"]
[EventDate "2022.11.11"]
[EventType "team-tourn"]
[EventRounds "9"]
[EventCountry "NOR"]
[SourceTitle "CBM 213 Extra"]
[Source "ChessBase"]
[SourceDate "2023.05.31"]
[SourceVersion "1"]
[SourceVersionDate "2023.05.31"]
[SourceQuality "1"]
[WhiteTeam "Bergens"]
[BlackTeam "Nordstrand"]
[WhiteTeamCountry "NOR"]
[BlackTeamCountry "NOR"]

1. e4 c6 2. Nf3 d5 3. Nc3 dxe4 4. Nxe4 Nf6 5. Qe2 Nxe4 6. Qxe4 Qa5 7. Qf4 Qf5 8. Qe3 Qe6 9. b3 Qxe3+ 10. fxe3 f6 11. Be2 e5 12. 0-0 Bd6 13. Bb2 Be6 14. d4 Nd7 15. Rad1 Ke7 16. Nd2 exd4 17. exd4 Rae8 18. Ne4 Bd5 19. Bd3 Bxe4 20. Bxe4 Kf7 21. Bf5 Re7 22. d5 c5 23. Be6+ Ke8 24. Rfe1 Kd8 25. Bxd7 Kxd7 26. Rxe7+ Bxe7 27. c4 Bd6 28. Re1 Rb8 29. Re4 a6 30. Kf2 b5 31. Bc3 b4 32. Bb2 a5 33. Kf3 a4 34. Bc1 axb3 35. axb3 Ra8 36. Bf4 Bxf4 37. Kxf4 Ra2 38. Kf3 Rb2 39. Re3 g5 40. h3 f5 41. Rd3 Kd6 42. Re3 Kd7 43. Rd3 h5 44. g4 fxg4+ 45. hxg4 h4 46. Ke4 Rg2 47. Rf3 Rxg4+ 48. Ke5 Rg1 49. Rf7+ Ke8 50. Rh7 Kf8 51. d6 Rd1 52. d7 h3 53. Ke6 g4 54. Rh5 Rxd7 55. Kxd7 Kf7 56. Rh4 h2 57. Rxh2 Kf6 58. Kd6 1-0

[Event "NOR-chT Elite 2223"]
[Site "Norway"]
[Date "2022.11.12"]
[Round "2.45"]
[White "Mork, Kjell Arne"]
[Black "Sahl, Bjarke"]
[Result "0-1"]
[WhiteElo "2257"]
[BlackElo "2247"]
[PlyCount "78"]
[EventDate "2022.11.11"]
[EventType "team-tourn"]
[EventRounds "9"]
[EventCountry "NOR"]
[SourceTitle "CBM 211 Extra"]
[Source "ChessBase"]
[SourceDate "2023.01.31"]
[SourceVersion "1"]
[SourceVersionDate "2023.01.31"]
[SourceQuality "1"]
[WhiteTeam "Bergens"]
[BlackTeam "Asker"]
[WhiteTeamCountry "NOR"]
[BlackTeamCountry "NOR"]

1. e4 e5 2. Nf3 Nc6 3. Bb5 a6 4. Ba4 Nf6 5. 0-0 Be7 6. Re1 b5 7. Bb3 d6 8. c3 0-0 9. h3 Nb8 10. d4 Nbd7 11. Nbd2 Bb7 12. Bc2 Re8 13. Nf1 Bf8 14. Ng3 g6 15. a4 Bg7 16. Bd3 Rb8 17. axb5 axb5 18. Bg5 c6 19. Qd2 Qe7 20. Ra7 Qf8 21. Bc2 Nb6 22. b3 Nc8 23. Ra5 Nb6 24. Be3 Nbd7 25. Ra7 h6 26. Nh2 Red8 27. f4 exf4 28. Bxf4 c5 29. Nf3 b4 30. dxc5 Nxc5 31. cxb4 Ne6 32. Be3 d5 33. exd5 Nxd5 34. Bf2 Nxb4 35. Qe2 Bxf3 36. gxf3 Nd4 37. Qc4 Nxf3+ 38. Kh1 Rbc8 39. Qg4 Nxe1 0-1

[Event "NOR-chT Elite 2122"]
[Site "Norway"]
[Date "2022.02.04"]
[Round "4.3"]
[White "Gjestemoen Vonhirsch, Andre"]
[Black "Mork, Kjell Arne"]
[Result "0-1"]
[WhiteElo "2243"]
[BlackElo "2246"]
[PlyCount "97"]
[EventDate "2021.10.28"]
[EventType "team-tourn"]
[EventRounds "9"]
[EventCountry "NOR"]
[SourceTitle "EXT 2023"]
[Source "ChessBase"]
[SourceDate "2022.10.05"]
[SourceVersion "1"]
[SourceVersionDate "2022.10.05"]
[SourceQuality "1"]
[WhiteTeam "Stavanger"]
[BlackTeam "Bergens"]
[WhiteTeamCountry "NOR"]
[BlackTeamCountry "NOR"]

1. e4 c5 2. Nf3 e6 3. d4 cxd4 4. Nxd4 Nc6 5. Nc3 Qc7 6. Be3 a6 7. g4 b5 8. Nxc6 Qxc6 9. Qd2 Bb7 10. 0-0-0 Nf6 11. f3 h6 12. Bg2 d6 13. Rhg1 Qc7 14. h4 Be7 15. g5 hxg5 16. hxg5 Nd7 17. f4 Nb6 18. b3 Rc8 19. Bd4 e5 20. fxe5 dxe5 21. Bxb6 Qxc3 22. Qxc3 Rxc3 23. g6 fxg6 24. Kb2 Rc6 25. Be3 Rd6 26. Rxd6 Bxd6 27. c4 bxc4 28. bxc4 Rh4 29. c5 Bc7 30. Kc3 Rg4 31. Kd3 Bd8 32. Rb1 Bc6 33. Bf3 Rg3 34. Ke2 Bb5+ 35. Kf2 Bh4 36. Bd2 Rg4+ 37. Ke3 Bg5+ 38. Kf2 Bh4+ 39. Ke3 Rg3 40. Rh1 Bg5+ 41. Kf2 Rxf3+ 42. Kxf3 Bxd2 43. Rd1 Bg5 44. Rd6 Be7 45. Re6 Kf7 46. Rxe5 Bc6 47. Kf4 Bf6 48. Rd5 Bxd5 49. exd5 0-1

[Event "NOR-chT Elite 2122"]
[Site "Norway"]
[Date "2021.10.31"]
[Round "3.4"]
[White "Mork, Kjell Arne"]
[Black "Lindbol, Aleksander"]
[Result "1/2-1/2"]
[WhiteElo "2241"]
[BlackElo "2217"]
[PlyCount "74"]
[EventDate "2021.10.28"]
[EventType "team-tourn"]
[EventRounds "9"]
[EventCountry "NOR"]
[SourceTitle "EXT 2023"]
[Source "ChessBase"]
[SourceDate "2022.10.05"]
[SourceVersion "1"]
[SourceVersionDate "2022.10.05"]
[SourceQuality "1"]
[WhiteTeam "Bergens"]
[BlackTeam "Oslo SK 1911"]
[WhiteTeamCountry "NOR"]
[BlackTeamCountry "NOR"]

1. e4 c6 2. Nc3 d5 3. Nf3 Bg4 4. h3 Bxf3 5. Qxf3 e6 6. Be2 d4 7. Nb1 Nd7 8. 0-0 Ne7 9. d3 Ng6 10. Qg3 e5 11. f4 exf4 12. Bxf4 Nxf4 13. Qxf4 Qf6 14. Bg4 Qxf4 15. Bxd7+ Kxd7 16. Rxf4 f6 17. a4 Bd6 18. Rf1 Rhf8 19. Nd2 Rae8 20. Nb3 c5 21. Nd2 h5 22. Nc4 g6 23. Rf3 f5 24. Nxd6 Kxd6 25. Raf1 Re5 26. Rg3 Rf6 27. exf5 gxf5 28. Rg7 Re7 29. Rxe7 Kxe7 30. Re1+ Re6 31. Rxe6+ Kxe6 32. Kf2 f4 33. Kf3 Kf5 34. h4 b6 35. b3 a6 36. g3 fxg3 37. Kxg3 Ke5 1/2-1/2

[Event "NOR-chT Elite 1920"]
[Site "Norway"]
[Date "2020.03.07"]
[Round "8.4"]
[White "Mork, Kjell Arne"]
[Black "Howell, David"]
[Result "0-1"]
[WhiteElo "2250"]
[BlackElo "2653"]
[PlyCount "78"]
[EventDate "2019.11.01"]
[EventType "team-tourn"]
[EventRounds "9"]
[EventCountry "NOR"]
[SourceTitle "CBM 195 Extra"]
[Source "ChessBase"]
[SourceDate "2020.05.31"]
[SourceVersion "1"]
[SourceVersionDate "2020.05.31"]
[SourceQuality "1"]
[WhiteTeam "SK 96"]
[BlackTeam "Valerenga"]
[WhiteTeamCountry "NOR"]
[BlackTeamCountry "NOR"]

1. e4 c6 2. Nc3 d5 3. Nf3 g6 4. d4 Bg7 5. Bd3 Bg4 6. h3 Bxf3 7. Qxf3 dxe4 8. Nxe4 Qxd4 9. 0-0 Nd7 10. c3 Qd5 11. Qe2 Ngf6 12. Rd1 Nxe4 13. Bxe4 Qe6 14. Qf3 0-0 15. Bf4 Ne5 16. Qg3 Nc4 17. Re1 Nxb2 18. Rab1 Na4 19. Bc2 Qc4 20. Bb3 Qa6 21. Be5 e6 22. h4 Nb6 23. h5 Rae8 24. Bd6 Qa5 25. hxg6 hxg6 26. Bxf8 Rxf8 27. Re3 Qf5 28. Rd1 Nd5 29. Rf3 Qe4 30. Bxd5 cxd5 31. Qc7 Qa4 32. Rb1 b6 33. Rb4 Qd1+ 34. Kh2 Qe2 35. Qxa7 Be5+ 36. Kh3 Qf1 37. Rh4 Qh1+ 38. Kg4 Qxg2+ 39. Rg3 Qxf2 0-1

[Event "NOR-chT Elite 1920"]
[Site "Norway"]
[Date "2020.01.19"]
[Round "6.2"]
[White "Leer Salvesen, Bjarte"]
[Black "Mork, Kjell Arne"]
[Result "1/2-1/2"]
[WhiteElo "2373"]
[BlackElo "2259"]
[PlyCount "95"]
[EventDate "2019.11.01"]
[EventType "team-tourn"]
[EventRounds "9"]
[EventCountry "NOR"]
[SourceTitle "CBM 195 Extra"]
[Source "ChessBase"]
[SourceDate "2020.05.31"]
[SourceVersion "1"]
[SourceVersionDate "2020.05.31"]
[SourceQuality "1"]
[WhiteTeam "SOSS"]
[BlackTeam "SK 96"]
[WhiteTeamCountry "NOR"]
[BlackTeamCountry "NOR"]

1. c4 g6 2. g3 Bg7 3. Bg2 e5 4. Nc3 d6 5. Nf3 Nc6 6. 0-0 f5 7. d3 Nf6 8. Rb1 a5 9. a3 0-0 10. b4 axb4 11. axb4 h6 12. b5 Ne7 13. c5 Be6 14. Bb2 g5 15. b6 c6 16. Ra1 Ng6 17. Rxa8 Qxa8 18. cxd6 Qa5 19. Qc2 Nd7 20. Nd2 Qxb6 21. Nc4 Bxc4 22. dxc4 Nc5 23. Rb1 Qa5 24. Ra1 Qb4 25. Na4 Nb3 26. Ra2 Nd4 27. Bxd4 exd4 28. c5 Ne5 29. Bf1 f4 30. Qd2 Qb3 31. Nb6 fxg3 32. hxg3 Qf7 33. f3 d3 34. Bg2 dxe2 35. Qxe2 g4 36. fxg4 Nd3 37. Rd2 Bd4+ 38. Kh2 Bxc5 39. Na4 Nf4 40. Qf3 Bb4 41. Rd4 Nxg2 42. Qxf7+ Rxf7 43. Rxb4 Ne3 44. Nc5 Rf2+ 45. Kg1 Rf1+ 46. Kh2 Rf2+ 47. Kg1 Rf1+ 48. Kh2 1/2-1/2

[Event "NOR-chT Elite 1920"]
[Site "Norway"]
[Date "2019.11.02"]
[Round "2.3"]
[White "Mork, Kjell Arne"]
[Black "Sahl, Bjarke"]
[Result "1/2-1/2"]
[WhiteElo "2260"]
[BlackElo "2326"]
[PlyCount "69"]
[EventDate "2019.11.01"]
[EventType "team-tourn"]
[EventRounds "9"]
[EventCountry "NOR"]
[SourceTitle "CBM 194 Extra"]
[Source "ChessBase"]
[SourceDate "2020.03.31"]
[SourceVersion "1"]
[SourceVersionDate "2020.03.31"]
[SourceQuality "1"]
[WhiteTeam "SK 96"]
[BlackTeam "Asker"]
[WhiteTeamCountry "NOR"]
[BlackTeamCountry "NOR"]

1. e4 c6 2. Nc3 d5 3. Nf3 dxe4 4. Nxe4 Nf6 5. Qe2 Bf5 6. Nxf6+ gxf6 7. d3 Qb6 8. g3 c5 9. Bg2 Nc6 10. 0-0 h5 11. Be3 a5 12. Nh4 Bg4 13. Qd2 Rd8 14. Rfe1 Bc8 15. a3 e6 16. Rab1 Qb5 17. Bf1 Nd4 18. c3 Nb3 19. Qe2 Be7 20. Rbd1 b6 21. Bg2 a4 22. Be4 Na5 23. Bf3 f5 24. Nxf5 exf5 25. Bd4 0-0 26. Qxe7 cxd4 27. Qg5+ Kh7 28. Qxh5+ Kg7 29. Qg5+ Kh7 30. Re4 fxe4 31. Qxb5 exf3 32. Qh5+ Kg7 33. Qg5+ Kh7 34. Qh5+ Kg7 35. Qg5+ 1/2-1/2

[Event "NOR-chT Elite 1920"]
[Site "Norway"]
[Date "2019.11.01"]
[Round "1.3"]
[White "Mikalsen, Erlend"]
[Black "Mork, Kjell Arne"]
[Result "1-0"]
[WhiteElo "2361"]
[BlackElo "2260"]
[PlyCount "77"]
[EventDate "2019.11.01"]
[EventType "team-tourn"]
[EventRounds "9"]
[EventCountry "NOR"]
[SourceTitle "CBM 194 Extra"]
[Source "ChessBase"]
[SourceDate "2020.03.31"]
[SourceVersion "1"]
[SourceVersionDate "2020.03.31"]
[SourceQuality "1"]
[WhiteTeam "Alta"]
[BlackTeam "SK 96"]
[WhiteTeamCountry "NOR"]
[BlackTeamCountry "NOR"]

1. e4 e6 2. d4 d5 3. Nc3 Nf6 4. Bg5 dxe4 5. Nxe4 Be7 6. Bxf6 gxf6 7. Qd2 f5 8. Ng3 c5 9. Nf3 cxd4 10. Nxd4 Nc6 11. Bb5 0-0 12. Bxc6 bxc6 13. Qc3 c5 14. Nc6 Qc7 15. Nh5 f6 16. Qg3+ Qxg3 17. hxg3 Bd6 18. 0-0-0 Bc7 19. Ne7+ Kf7 20. Nxc8 Raxc8 21. Rd7+ Kg8 22. Nf4 Bxf4+ 23. gxf4 Rf7 24. Rxf7 Kxf7 25. Rxh7+ Kg6 26. Rxa7 Rh8 27. Ra3 e5 28. Rg3+ Kf7 29. fxe5 fxe5 30. a4 f4 31. Ra3 Ke6 32. a5 Ra8 33. a6 Ra7 34. g3 Kf5 35. Kd2 e4 36. gxf4 Kxf4 37. Ke2 Ke5 38. Ke3 Kd5 39. Ra4 1-0

[Event "NOR-chT Club"]
[Site "Bergen"]
[Date "2018.05.10"]
[Round "6"]
[White "Gausel, Einar"]
[Black "Mork, Kjell Arne"]
[Result "1-0"]
[WhiteElo "2453"]
[BlackElo "2296"]
[PlyCount "71"]
[EventDate "2018.05.10"]
[EventType "team-swiss"]
[EventRounds "6"]
[EventCountry "NOR"]
[SourceTitle "EXT 2019"]
[Source "ChessBase"]
[SourceDate "2018.10.10"]
[SourceVersion "1"]
[SourceVersionDate "2018.10.10"]
[SourceQuality "1"]
[WhiteTeam "Oslo SS II"]
[BlackTeam "SK 96"]
[WhiteTeamCountry "NOR"]
[BlackTeamCountry "NOR"]

1. d4 e6 2. Nf3 Nf6 3. e3 b6 4. Bd3 Bb7 5. 0-0 d5 6. c4 Bd6 7. Nc3 0-0 8. b3 Nbd7 9. Bb2 Re8 10. cxd5 exd5 11. Rc1 a6 12. Ne2 Ne4 13. Ng3 Nxg3 14. hxg3 Nf6 15. Ne5 Ne4 16. Qe2 Re6 17. Rc2 Qg5 18. f4 Qd8 19. Bxe4 dxe4 20. f5 Re8 21. f6 Re6 22. fxg7 Bxe5 23. dxe5 Qe7 24. Qh5 Bd5 25. Rf6 Rd8 26. Rcf2 Rxf6 27. exf6 Qd7 28. Rd2 c6 29. Kh2 Re8 30. Qg5 Qc8 31. Ba3 Re6 32. Qg4 a5 33. Be7 b5 34. Rd1 a4 35. bxa4 b4 36. a5 1-0

[Event "NOR-chT 1617"]
[Site "Norway"]
[Date "2016.10.30"]
[Round "3.5"]
[White "Mork, Kjell Arne"]
[Black "Forsaa, Elise"]
[Result "1/2-1/2"]
[WhiteElo "2293"]
[BlackElo "2322"]
[PlyCount "120"]
[EventDate "2016.10.28"]
[EventType "team-tourn"]
[EventRounds "9"]
[EventCountry "NOR"]
[SourceTitle "EXT 2018"]
[Source "ChessBase"]
[SourceDate "2017.10.13"]
[SourceVersion "1"]
[SourceVersionDate "2017.10.13"]
[SourceQuality "1"]
[WhiteTeam "SK 96"]
[BlackTeam "Stavanger"]
[WhiteTeamCountry "NOR"]
[BlackTeamCountry "NOR"]

1. e4 e5 2. Nf3 Nc6 3. Bb5 Nf6 4. d3 Bc5 5. Bxc6 dxc6 6. Qe2 Qe7 7. Nbd2 Nd7 8. Nc4 f6 9. 0-0 Nf8 10. c3 Bg4 11. b4 Bd6 12. Ne3 Be6 13. d4 Ng6 14. Nf5 Bxf5 15. exf5 exd4 16. Qc2 d3 17. Qxd3 Ne5 18. Nxe5 Qxe5 19. g3 0-0-0 20. Bf4 Qd5 21. Qxd5 cxd5 22. Bxd6 Rxd6 23. Rfe1 Kd7 24. Rad1 Re8 25. Rxe8 Kxe8 26. Kf1 Rc6 27. Rxd5 Rxc3 28. Rd4 Rc1+ 29. Kg2 Re1 30. Kf3 Re5 31. g4 c6 32. a4 Ke7 33. h4 h5 34. Kf4 hxg4 35. Kxg4 a5 36. bxa5 Rxa5 37. Rb4 b5 38. axb5 Rxb5 39. Ra4 Rb7 40. Kh5 Kf7 41. Rc4 Rc7 42. Rc5 Ke7 43. Kg6 Kd6 44. Rc1 c5 45. h5 c4 46. h6 gxh6 47. Kxf6 c3 48. Rd1+ Kc5 49. Kg6 c2 50. Rc1 Kd4 51. f6 Kd3 52. f7 Rc8 53. f4 Kd2 54. Rg1 c1Q 55. Rxc1 Kxc1 56. f5 Kd2 57. f6 h5 58. Kxh5 Ke3 59. Kg6 Ke4 60. Kg7 Kf5 1/2-1/2

[Event "NOR-chT 1617"]
[Site "Norway"]
[Date "2016.10.28"]
[Round "1.5"]
[White "Mork, Kjell Arne"]
[Black "Kaasen, Tor Fredrik"]
[Result "1/2-1/2"]
[WhiteElo "2293"]
[BlackElo "1943"]
[PlyCount "50"]
[EventDate "2016.10.28"]
[EventType "team-tourn"]
[EventRounds "9"]
[EventCountry "NOR"]
[SourceTitle "EXT 2018"]
[Source "ChessBase"]
[SourceDate "2017.10.13"]
[SourceVersion "1"]
[SourceVersionDate "2017.10.13"]
[SourceQuality "1"]
[WhiteTeam "SK 96"]
[BlackTeam "Tromsoe"]
[WhiteTeamCountry "NOR"]
[BlackTeamCountry "NOR"]

1. e4 c5 2. Nf3 d6 3. Bb5+ Nd7 4. d4 cxd4 5. Qxd4 a6 6. Bxd7+ Bxd7 7. c4 Nf6 8. Nc3 e6 9. 0-0 Be7 10. e5 dxe5 11. Nxe5 0-0 12. Rd1 Qa5 13. Nxd7 Nxd7 14. Bd2 Qd8 15. Bf4 Nf6 16. Qe3 Qa5 17. h3 Rfc8 18. Nd5 exd5 19. Qxe7 Rxc4 20. Qxb7 Re8 21. Bg5 Rb4 22. Qc6 Rc4 23. Qb7 Rb4 24. Qc6 Rc4 25. Qb7 Rb4 1/2-1/2

[Event "NOR-chT Elite qual"]
[Site "Oslo"]
[Date "2016.04.03"]
[Round "3.2"]
[White "Mork, Kjell Arne"]
[Black "Mikalsen, Erlend"]
[Result "1/2-1/2"]
[WhiteElo "2287"]
[BlackElo "2343"]
[PlyCount "32"]
[EventDate "2016.04.01"]
[EventType "team"]
[EventRounds "3"]
[EventCountry "NOR"]
[SourceTitle "CBM 171 Extra"]
[Source "ChessBase"]
[SourceDate "2016.04.26"]
[SourceVersion "1"]
[SourceVersionDate "2016.04.26"]
[SourceQuality "1"]
[WhiteTeam "SK 96"]
[BlackTeam "Alta"]
[WhiteTeamCountry "NOR"]
[BlackTeamCountry "NOR"]

1. e4 e5 2. Nf3 Nc6 3. Bb5 a6 4. Ba4 Nf6 5. d3 Bc5 6. Bxc6 dxc6 7. Nbd2 0-0 8. 0-0 Re8 9. Nc4 Bd6 10. a4 h6 11. Qe2 Nh7 12. h3 Nf8 13. Be3 Ng6 14. Nfd2 Qf6 15. Qf3 Qe7 16. Qh5 Be6 1/2-1/2

[Event "NOR-chT Elite qual"]
[Site "Oslo"]
[Date "2016.04.02"]
[Round "2.1"]
[White "Hansen, Pal Andreas"]
[Black "Mork, Kjell Arne"]
[Result "0-1"]
[WhiteElo "2122"]
[BlackElo "2287"]
[PlyCount "104"]
[EventDate "2016.04.01"]
[EventType "team"]
[EventRounds "3"]
[EventCountry "NOR"]
[SourceTitle "CBM 171 Extra"]
[Source "ChessBase"]
[SourceDate "2016.04.26"]
[SourceVersion "1"]
[SourceVersionDate "2016.04.26"]
[SourceQuality "1"]
[WhiteTeam "Levanger"]
[BlackTeam "SK 96"]
[WhiteTeamCountry "NOR"]
[BlackTeamCountry "NOR"]

1. Nf3 Nf6 2. c4 Nc6 3. d4 e6 4. Nc3 Bb4 5. Qc2 d6 6. Bd2 0-0 7. a3 Bxc3 8. Bxc3 Re8 9. Rd1 Qe7 10. e3 a5 11. Nd2 e5 12. d5 Nd4 13. Qb1 b5 14. Bd3 bxc4 15. Bxc4 Bd7 16. Qd3 Bf5 17. e4 Nxe4 18. Nxe4 Qh4 19. 0-0 Bxe4 20. Qg3 Nf5 21. Qxh4 Nxh4 22. f3 Bc2 23. Rc1 Ba4 24. Bd3 Ng6 25. Bxg6 hxg6 26. Bd2 Rec8 27. Rc3 Rab8 28. b4 axb4 29. axb4 Rb7 30. Ra1 Bb5 31. Kf2 Kf8 32. f4 f6 33. fxe5 fxe5 34. Raa3 Kg8 35. Ra1 Be8 36. Ra5 Bb5 37. Ra1 Rf8+ 38. Rf3 Bc4 39. Rxf8+ Kxf8 40. Ra5 Ke7 41. Ke3 Kd7 42. Ke4 Bf1 43. Kf3 Rb8 44. g3 Rf8+ 45. Ke3 g5 46. Be1 g4 47. Ra2 Bc4 48. Rd2 Rf3+ 49. Ke4 c6 50. dxc6+ Ke6 51. c7 d5+ 52. Rxd5 Bxd5# 0-1

[Event "NOR-chT 1415"]
[Site "Norway"]
[Date "2015.02.07"]
[Round "7.6"]
[White "Mork, Kjell Arne"]
[Black "Andersen, Alf Roger"]
[Result "0-1"]
[WhiteElo "2310"]
[BlackElo "2167"]
[PlyCount "128"]
[EventDate "2014.10.31"]
[EventType "team-tourn"]
[EventRounds "11"]
[EventCountry "NOR"]
[SourceTitle "EXT 2016"]
[Source "ChessBase"]
[SourceDate "2015.10.08"]
[SourceVersion "1"]
[SourceVersionDate "2015.10.08"]
[SourceQuality "1"]
[WhiteTeam "SK 96"]
[BlackTeam "Oslo Akademisk"]
[WhiteTeamCountry "NOR"]
[BlackTeamCountry "NOR"]

1. e4 d6 2. d4 Nf6 3. Bd3 e5 4. c3 Nc6 5. Nf3 exd4 6. cxd4 d5 7. e5 Bb4+ 8. Bd2 Bxd2+ 9. Nbxd2 Nh5 10. g3 Bh3 11. Ng1 Bg2 12. Qxh5 Nb4 13. Bb1 Bxh1 14. f3 Qe7 15. Ne2 Nc6 16. Bc2 g6 17. Qh6 Nxd4 18. Nxd4 Qxe5+ 19. Ne2 0-0-0 20. Bd3 g5 21. 0-0-0 Bg2 22. Qh5 Kb8 23. Ng1 Rd6 24. Qg4 h5 25. Qa4 f5 26. Kb1 g4 27. Qf4 Qxf4 28. gxf4 Rf6 29. Re1 c6 30. Re5 Kc7 31. Re2 Bh1 32. Re7+ Kb6 33. Re5 Rhf8 34. Kc2 R8f7 35. Kc3 Kc7 36. Kd4 Kd6 37. Ke3 Re6 38. Rxe6+ Kxe6 39. Nb3 Kf6 40. Nd4 Kg6 41. b4 Rf6 42. Nge2 Bxf3 43. Nxf3 gxf3 44. Nd4 b6 45. Nxf3 c5 46. b5 Re6+ 47. Kd2 Kf6 48. Nh4 Re8 49. Bxf5 Rg8 50. Ke3 Rg1 51. Bc2 Re1+ 52. Kd2 Rf1 53. Ke3 d4+ 54. Ke4 Rf2 55. Bb3 Rxh2 56. Nf3 Re2+ 57. Kd5 Re3 58. Ne5 Kf5 59. Nd3 h4 60. Bc2 Rxd3 61. Bxd3+ Kxf4 62. Kc6 h3 63. Bf1 h2 64. Bg2 d3 0-1

[Event "NOR-chT 1314"]
[Site "Norway"]
[Date "2014.03.22"]
[Round "8.3"]
[White "Mork, Kjell Arne"]
[Black "Gausel, Einar"]
[Result "1/2-1/2"]
[WhiteElo "2302"]
[BlackElo "2501"]
[PlyCount "157"]
[EventDate "2013.11.01"]
[EventType "team-tourn"]
[EventRounds "9"]
[EventCountry "NOR"]
[SourceTitle "EXT 2015"]
[Source "ChessBase"]
[SourceDate "2014.11.20"]
[SourceVersion "1"]
[SourceVersionDate "2014.11.20"]
[SourceQuality "1"]
[WhiteTeam "SK 96"]
[BlackTeam "OSS"]
[WhiteTeamCountry "NOR"]
[BlackTeamCountry "NOR"]

1. e4 e5 2. Nf3 Nc6 3. Bb5 a6 4. Ba4 Nf6 5. d4 exd4 6. 0-0 Be7 7. Re1 0-0 8. e5 Nd5 9. c3 Nb6 10. Bb3 d6 11. cxd4 dxe5 12. dxe5 Qxd1 13. Bxd1 Re8 14. Nc3 Bb4 15. h3 Be6 16. Ng5 Bd5 17. f4 h6 18. Nge4 Be6 19. a3 Bf8 20. b4 a5 21. Nb5 Rec8 22. bxa5 Nc4 23. Rf1 N4xa5 24. Rb1 Bc4 25. Re1 Bd3 26. Rb2 Rd8 27. Bg4 Nc4 28. Rb3 N4a5 29. Rb2 Bxb5 30. Rxb5 Nd4 31. Rb1 Nc2 32. Rf1 Nxa3 33. Bxa3 Bxa3 34. f5 Rd4 35. Rfe1 Bb4 36. Re2 Nc6 37. e6 fxe6 38. fxe6 Ne7 39. Bh5 g6 40. Bg4 Rf8 41. Rf1 Rxf1+ 42. Kxf1 h5 43. Bf3 Kg7 44. g4 h4 45. Ng5 b6 46. Be4 Rd1+ 47. Kg2 Rd2 48. Rxd2 Bxd2 49. Nf3 Bc1 50. Nxh4 Kf6 51. Kf2 g5 52. Nf3 Kxe6 53. h4 gxh4 54. Nxh4 c5 55. Nf3 b5 56. Ke2 Bb2 57. Kd3 c4+ 58. Kc2 Bg7 59. g5 Kd6 60. g6 b4 61. Nd2 Kc5 62. Nf3 b3+ 63. Kb1 Nd5 64. Bf5 Nc3+ 65. Kc1 Bh6+ 66. Kb2 Nd1+ 67. Kb1 Ne3 68. Be6 Nd5 69. Ne5 c3 70. Nd3+ Kd4 71. Nc1 c2+ 72. Kb2 Bxc1+ 73. Kxb3 Ne3 74. g7 Ba3 75. g8Q c1Q 76. Qg7+ Ke4 77. Qc3 Qf1 78. Bc4 Qxc4+ 79. Qxc4+ 1/2-1/2

[Event "NOR-chT West 1Div Nord 1011"]
[Site "Norway"]
[Date "2011.02.12"]
[Round "4.1"]
[White "Mork, Kjell Arne"]
[Black "Eikeland, Erik"]
[Result "1-0"]
[WhiteElo "2160"]
[BlackElo "2002"]
[PlyCount "39"]
[EventDate "2010.11.06"]
[EventType "team"]
[EventRounds "5"]
[EventCountry "NOR"]
[SourceTitle "EXT 2015"]
[Source "ChessBase"]
[SourceDate "2014.11.20"]
[SourceVersion "1"]
[SourceVersionDate "2014.11.20"]
[SourceQuality "1"]

1. e4 c6 2. d4 d5 3. Nc3 dxe4 4. Nxe4 Bf5 5. Ng3 Bg6 6. Nf3 Nf6 7. h4 Nh5 8. Nxh5 Bxh5 9. Be2 e6 10. Be3 Qb6 11. 0-0 Qxb2 12. Rb1 Qxa2 13. Rxb7 Bd6 14. Ng5 Bxe2 15. Qxe2 Be7 16. Nxf7 0-0 17. Nh6+ gxh6 18. Rxe7 Rf6 19. Qg4+ Rg6 20. Qf3 1-0

[Event "NOR-chT Ishav 0708"]
[Site "Oslo"]
[Date "2007.11.11"]
[Round "3"]
[White "Valaker, Ole Johan"]
[Black "Mork, Kjell Arne"]
[Result "0-1"]
[WhiteElo "2088"]
[BlackElo "2151"]
[PlyCount "140"]
[EventDate "2007.11.09"]
[EventType "team-swiss"]
[EventRounds "9"]
[EventCountry "NOR"]
[SourceTitle "EXT 2010"]
[Source "ChessBase"]
[SourceDate "2010.11.25"]
[SourceVersion "1"]
[SourceVersionDate "2010.11.25"]
[SourceQuality "1"]

1. d4 Nf6 2. Bg5 c5 3. Nc3 cxd4 4. Qxd4 Nc6 5. Qh4 Qa5 6. 0-0-0 d6 7. e4 Be6 8. Bxf6 gxf6 9. Kb1 Rc8 10. Nge2 Bg7 11. a3 b5 12. Qh5 Ne5 13. f4 Bg4 14. Qh4 Bxe2 15. Bxe2 Nc4 16. Bxc4 Rxc4 17. Nd5 Rxe4 18. Rhe1 Rxe1 19. Rxe1 e6 20. c3 Qd8 21. f5 e5 22. Qb4 Qd7 23. Qg4 Kf8 24. Qe4 h5 25. h4 Qc6 26. Nxf6 Qxe4+ 27. Nxe4 Ke7 28. Rd1 Rd8 29. Rd5 a6 30. b3 Bh6 31. Kc2 Be3 32. Kd3 Bc1 33. a4 bxa4 34. bxa4 Ba3 35. c4 Rb8 36. c5 Bxc5 37. Nxc5 dxc5 38. Rxc5 Kf6 39. Rc6+ Kxf5 40. Rxa6 e4+ 41. Ke3 Rb3+ 42. Kf2 f6 43. Ke2 Ra3 44. Kf2 Ke5 45. g3 Kf5 46. Ra8 Rf3+ 47. Kg2 Rc3 48. Kf2 Ra3 49. Ra7 Ke5 50. Re7+ Kf5 51. Ra7 Ke6 52. Ra8 Rf3+ 53. Kg2 Kf5 54. Ra7 Ra3 55. Kf2 Kg4 56. Rg7+ Kh3 57. Rg6 Rxa4 58. Rxf6 Ra2+ 59. Ke3 Kxg3 60. Rg6+ Kxh4 61. Kxe4 Kh3 62. Kf3 h4 63. Rg8 Kh2 64. Rg7 h3 65. Rg8 Ra7 66. Kf2 Rf7+ 67. Ke1 Rf3 68. Rg6 Rg3 69. Ra6 Kg2 70. Ra2+ Kg1 0-1

[Event "NOR-chTA final"]
[Site "Trondheim"]
[Date "2004.05.23"]
[Round "5.6"]
[White "Renault, Fabien"]
[Black "Mork, Kjell Arne"]
[Result "0-1"]
[WhiteElo "2091"]
[BlackElo "2286"]
[PlyCount "72"]
[EventDate "2004.05.19"]
[EventType "team"]
[EventRounds "5"]
[EventCountry "NOR"]
[SourceTitle "CBM 100 Extra"]
[Source "ChessBase"]
[SourceDate "2004.07.06"]
[SourceVersion "2"]
[SourceVersionDate "2004.07.06"]
[SourceQuality "1"]
[WhiteTeam "07"]
[BlackTeam "02"]
[WhiteTeamCountry "NOR"]
[BlackTeamCountry "NOR"]

1. e4 c5 2. Nf3 Nc6 3. d4 cxd4 4. Nxd4 Nf6 5. Nc3 e5 6. Ndb5 d6 7. Bg5 a6 8. Na3 b5 9. Nd5 Be7 10. Bxf6 Bxf6 11. c4 b4 12. Nc2 a5 13. g3 0-0 14. Bg2 Bg5 15. 0-0 Ne7 16. Nxe7+ Qxe7 17. Qd3 Be6 18. b3 Qc7 19. Rad1 Rad8 20. Kh1 Bh6 21. a3 bxa3 22. Nxa3 Qc5 23. Nb5 a4 24. Nc3 axb3 25. Nd5 Rb8 26. Rb1 Bxd5 27. exd5 b2 28. f4 exf4 29. gxf4 Rb4 30. Be4 g6 31. Rg1 Qxc4 32. Bxg6 fxg6 33. Rxg6+ hxg6 34. Qxg6+ Bg7 35. Qe6+ Rf7 36. Qe8+ Kh7 0-1